Recombinant DNA : A short course

The new edition explores core concepts in molecular biology in a contemporary inquiry-based context, building its coverage around the most relevant and exciting examples of current research and landmark experiments that redefined our understanding of DNA. As a result, students learn how working sci...

Πλήρης περιγραφή

Αποθηκεύτηκε σε:
Λεπτομέρειες βιβλιογραφικής εγγραφής
Κύριος συγγραφέας: Watson, James D.
Μορφή: Βιβλίο
Γλώσσα:Undetermined
Έκδοση: New York W. H. Freeman and Company 1983
Θέματα:
Ετικέτες: Προσθήκη ετικέτας
Δεν υπάρχουν, Καταχωρήστε ετικέτα πρώτοι!
Thư viện lưu trữ: Trung tâm Học liệu Trường Đại học Cần Thơ
LEADER 00886nam a2200205Ia 4500
001 CTU_78571
008 210402s9999 xx 000 0 und d
082 |a 572.842 
082 |b W337 
100 |a Watson, James D. 
245 0 |a Recombinant DNA : 
245 2 |b A short course 
245 0 |c James D. Watson, John Tooze, David T. Kurtz 
260 |a New York 
260 |b W. H. Freeman and Company 
260 |c 1983 
520 |a The new edition explores core concepts in molecular biology in a contemporary inquiry-based context, building its coverage around the most relevant and exciting examples of current research and landmark experiments that redefined our understanding of DNA. As a result, students learn how working scientists make real high-impact discoveries. 
650 |a Recombinant DNA 
910 |a Hai 
980 |a Trung tâm Học liệu Trường Đại học Cần Thơ